00526nam a2200193Ia 4500003000400000005001700004008004100021040001800062041000800080082001900088100001900107245008200126250000600208260003800214300000900252650003400261700001900295700001800314OSt20251004100511.0210716s1993 xx 000 0 und d cAIMIT LIBRARY aeng a005.756 bBAYI aBayross, Ivan. aMastering ingres: brelational database management system /cBy Ivan Bayross. a1 aNew DelhibBPB Publicationsc1993 a8.17 aRelational Databases(005.756) aShaikh, Fahim. aArundhati, A.